Normal view
MARC view
- Patrick Henry Winston
Entry Personal Name
001 - CONTROL NUMBER
- control field: 126462
003 - CONTROL NUMBER IDENTIFIER
- control field: NUST
005 - DATE AND TIME OF LATEST TRANSACTION
- control field: 20241024095559.0
008 - FIXED-LENGTH DATA ELEMENTS
- fixed length control field: 241024|| aca||aabn | a|a d
040 ## - CATALOGING SOURCE
- Original cataloging agency: NUST
- Transcribing agency: NUST
100 ## - HEADING--PERSONAL NAME
- Personal name: Patrick Henry Winston
670 ## - SOURCE DATA FOUND
- Source citation: Work cat.: (NUST): Patrick Henry Winston , Artificial intelligence , 2000.
